| 000 | 00708nam a2200193Ia 4500 | ||
|---|---|---|---|
| 003 | GCL | ||
| 008 | 140319s9999 xx 000 0 ara d | ||
| 040 |
_aGCL / _cGCL |
||
| 082 | 0 | 4 |
_a398.22 _bم و |
| 100 | 1 | _aمحسن جابر الموسوى | |
| 245 | 1 | 0 |
_aالوقوع فى دائرة السحر الف ليلة وليلة : فى النقد الادبى الانكليزى 1704 - 1910 (هدية من الاديب عبدالفتاح الجمل) / _cمحسن جابر الموسوى |
| 300 | _a420 ص | ||
| 490 |
_aسلسلة دراسات _v0 |
||
| 650 | 0 | 4 | _aالادب |
| 650 | 0 | 4 | _aالادب الشعبى |
| 650 | 0 | 4 | _aالف ليلة وليلة |
| 650 | 0 | 4 | _aتاريخ ونقد |
| 942 |
_2ddc _cBK |
||
| 999 |
_c41092 _d41092 |
||